00889nam a22002537a 45000050016000000080041000160100015000570200027000720350013000990370015001120400013001270820014001401000031001542450072001852600041002572700047002983000028003455000051003736500010004247000010004349420028004449990017004729520146004892011031102032.0110311t xxu||||| |||| 00| 0 eng d aENG-102105 a9788184840810c1250.00 aEN-85638 bDBAD / PUB adplbEng a381.30954 926476aSultan, Zafar Ahmad aEconomic reforms and India's foreign trade /cby Zafar Ahmad Sultan aNew Delhi bRegal Publicationsc2010 aF-159, Rajouri Garden bNew Delhi e110027 axii, 313p. c23cm (Hb)  aIncludes bibliographical references and index  926478 926477 2ddccENmSULh381.30954 c51009d51009 00102ddc40718NFICaDBADbDBADd2011-03-11eDBAD/PUBg1250.00l0o381.30954 SULpEN-85638r2011-03-11 00:00:00t1v1250.00w2011-03-11yEN